000 00870nam a22002417a 4500
999 _c21675
_d21675
003 AR-CdUCM
008 190304b ||||| |||| 00| 0 spa d
020 _a9786120046357
040 _aMUNICIPALIDAD PROVINCIAL DEL CUSCO
_cBIBLIOTECA MUNICIPAL DEL CUSCO
082 _a869.57/M8482E
_bM8482E
100 _aMontes, Carlos Gabriel
_945752
245 _aEcho de menos el olvido /
_cCarlos Gabriel Montes
260 _aCusco :
_b[s.n.],
_bEco Print,
_c2019.
300 _a56, [1] paginas ;
_c20 cm.
500 _a"Premio de Poesía del I Festival Internacional de las Artes Qosqo T'Ikarinampaq 2019"--Cubierta.
650 _aPoesías peruanas
_945757
650 _aLiteratura cusqueña
_945754
650 _aLiteratos cusqueños
_944145
650 _aSiglo XXI
_945755
710 _aMunicipalidad Provincial del Cusco
_945756
942 _2ddc
_cLIBROS
945 _ar.a.c